Obras escogidas. Tratado teológico-Político. Tratado de la reforma del entendimiento. Etica.
Tallennettuna:
| Päätekijä: | |
|---|---|
| Aineistotyyppi: | Kirja |
| Julkaistu: |
Buenos Aires, Argentina:
El Ateneo,
1953.
|
| Sarja: | Clásicos inolvidables.
|
| Aiheet: | |
| Tagit: |
Lisää tagi
Ei tageja, Lisää ensimmäinen tagi!
|
MARC
| LEADER | 00000nam a22000007a 4500 | ||
|---|---|---|---|
| 003 | CL-VaPUC | ||
| 005 | 20220822114817.0 | ||
| 008 | 220804t1953 ||||| |||| 00| 0 eng d | ||
| 999 | |c 437987 |d 437985 | ||
| 020 | |a 84-309-1212-6 | ||
| 040 | |c Pontificia Universidad Católica de Valparaíso | ||
| 082 | 7 | |a 199.492 SPI 1953 |2 22 | |
| 100 | |a Spinoza, Baruch |d 1632-1677 |e autor |9 534975 | ||
| 245 | |a Obras escogidas. |b Tratado teológico-Político. Tratado de la reforma del entendimiento. Etica. | ||
| 260 | |a Buenos Aires, Argentina: |b El Ateneo, |c 1953. | ||
| 300 | |a 722 páginas. | ||
| 490 | |a Clásicos inolvidables. | ||
| 500 | |a c.1 Donación Familia Prof. Alejandro Guzmán Brito | ||
| 583 | |c 20220718 |k Cristina María Rojas Aguilar | ||
| 650 | 0 | |a Filosofía holandesa |9 319728 | |
| 650 | |a Ciencia política |9 324218 | ||
| 942 | |2 ddc |c BK |n 0 | ||
| 952 | |0 0 |1 0 |2 ddc |4 0 |6 199_492000000000000_SPI_1953 |7 0 |8 C_AGB |9 585851 |a BIBDER |b BIBDER |d 2022-08-04 |e Donación |i 5653796 |o 199.492 SPI 1953 |p 5653796 |r 2023-01-25 |t 1 |w 2022-08-04 |y BK_US |k AGB | ||